000 00344nam a2200133Ia 4500
008 151001s9999||||xx |||||||||||||| ||und||
100 _aइकबाल श्रीवास्तव
245 _aऐसे भी लोग
250 _a1
260 _bसंभावना
260 _c2003
300 _a151
365 _b21
999 _c982213
_d982210